000 00870nam a22002297a 4500
008 240702b mp ||||| |||| 00| 0 mon d
035 _a25503
040 _aSU1322070
_bmon
_cMN-UlNLM
_dMN-UlNLM
_erda
041 _amon
042 _a63483
084 _2NNA
_a83.8
_bЧ-207
100 _aЧандар К.
245 0 _aУруугаа ургасан мод
264 _aУБ.
_bМонсудар ХГ
_c2010
300 _a151х.
336 _2rdacontent
_atext
_btxt
337 _2rdamedia
_aunmediated
_bn
338 _2rdacarrier
_avolume
_bnc
650 _aУруугаа ургасан мод нь ид шидийн ертөнцийн олон төрлийн гайхамшигт баатрууд ба ер бусын үйл явдлаар дүүрэн үлгэрчилсэн тууж юм. ...
942 _2NNA
_cBK
999 _c1077520
_d1077577